000 00349pam a2200157a 44500
008 230515b1996 xxu||||| |||| 00| 0 eng d
020 _aNULL
041 _aENGLISH
082 _a610.73
100 _aROBERT NEWELL
245 _aDEVELOPING YOUR CAREER IN NURSING
250 _a0
260 _a
_bCASSELL
_c1996
300 _a175
650 _aNULL
999 _c526080
_d526080